Skříňka boha Thota /

Další autoři: Cámara, Felix Achilles de la, 1897-1945., Lasenic, Pierre de, 1900-1944.
Jazyk: Čeština
Vydáno: V Jindřichově Hradci : Martin Jůna, 2017
Edice: Eulis
Témata:
Fyzický popis: 12 nečíslovaných stran ; 21 cm
Knihy
Uloženo v:
LEADER 01620nam a2200481 i 4500
001 nkc20172920408
003 CZ PrNK
005 20171006090043.0
007 ta
008 170804s2017 xr e 000 j cze
015 |a cnb002920408 
020 |a 978-80-88015-20-8  |q (brožováno) 
035 |a (OCoLC)1003285528 
040 |a BOA001  |b cze  |e rda 
043 |a f-ua--- 
072 7 |a 133  |x Ezoterismus. Okultismus  |2 Konspekt  |9 17 
080 |a 821.162.3-32  |2 MRF 
080 |a 133  |2 MRF 
080 |a (32)  |2 MRF 
080 |a (0:82-32)  |2 MRF 
080 |a (0:82-4)  |2 MRF 
245 0 0 |a Skříňka boha Thota /  |c De la Cámara. Egypt (Úvahy) / Pierre de Lasenic 
264 1 |a V Jindřichově Hradci :  |b Martin Jůna,  |c 2017 
300 |a 12 nečíslovaných stran ;  |c 21 cm 
336 |a text  |b txt  |2 rdacontent 
337 |a bez média  |b n  |2 rdamedia 
338 |a svazek  |b nc  |2 rdacarrier 
490 1 |a Eulis 
600 0 7 |a Thovt  |c (egyptský bůh)  |7 ola2015891816  |2 czenas 
650 0 7 |a esoterismus  |7 ph114484  |z starověký Egypt  |2 czenas 
650 0 9 |a esoterism  |z ancient Egypt  |2 eczenas 
655 7 |a české povídky  |7 fd133971  |2 czenas 
655 7 |a úvahy  |7 fd134000  |2 czenas 
655 9 |a Czech short stories  |2 eczenas 
655 9 |a essays  |2 eczenas 
700 1 2 |a Cámara, Felix Achilles de la,  |d 1897-1945.  |t Skříňka boha Thota 
700 1 2 |a Lasenic, Pierre de,  |d 1900-1944.  |t Egypt (Úvahy) 
830 0 |a Eulis  |0 s 
910 2 |a BOA001  |b 2-1392.892 
990 |a BK 
995 |a 01 
991 |b 201708  |c NOV 
996 6 |b 2610715683  |c 2-1392.892  |l MZK  |r Sklad / do 1 hodiny  |n 1  |p p.v.  |w 001625082  |u 000010  |a 1  |e BOA001  |j MZK50  |s P